LDR 01085naa#a2200217#i#450# 001 RU\\bibl\121405 005 20260428225019.2 011 ## _a1994-4683 100 ## _a20230531b2023####ek#y0rusy0150####ca 102 ## _aRU 200 1# _aУПРАВЛЕНИЕ ТРЕНИРОВОЧНОЙ НАГРУЗКОЙ НАЧИНАЮЩИХ ЛЫЖНИКОВ В УСЛОВИЯХ КРАТКОСРОЧНЫХ СБОРОВ В СРЕДНЕГОРЬЕ _eЖурнальная статья 210 1# _aМосква _cНациональный государственный Университет физической культуры, спорта и здоровья им. П.Ф. Лесгафта _d2023 215 ## _a5 с. 608 ## _aЖурнальная статья _2local 675 ## _aЛыжный спорт. Бег на лыжах. Лыжные гонки. Лыжный кросс. 796.92 _z 700 #1 _aГорбиков _gИ И 700 #1 _aЯцык _gВ З 700 #1 _aВасильченко _gО С 700 #1 _aПарамзин _gВ Б 700 #1 _aРазновская _gС В 856 4# _auchzapiski.lesgaft.spb.ru _u